000 00357nam a22001337a 4500
003 SGT
020 _a9788183614085
082 _a200
_bU10L
100 _aलुनिया, कुसुम
245 _aऊंची उड़ान: नाटक
260 _b राधाकृष्ण प्रकाशन
_c2010
300 _a115
942 _2ddc
_cBK
999 _c31818
_d31818